The chemistry of water

Saved in:
Bibliografiske detaljer
Main Authors: Kegley, Susan E (Author), Andrews, Joy (Author)
Format: Bog
Sprog:engelsk
Udgivet: Sausalito University Science Books 1998
Serier:Chemistry - Environmental Chemistry
Fag:
Tags: Tilføj Tag
Ingen Tags, Vær først til at tagge denne postø!

MARC

LEADER 00000nam a2200000 a 4500
001 UCO9268
003 CL-VaPUC
008 010125e19980000US |||||||||||||||||eng|d
082 0 4 |a 546.22  |b KEG  |2 21 
100 |a Kegley, Susan E  |e author  |9 454318 
700 0 |a Andrews, Joy  |e author  |9 454319 
245 1 4 |a The chemistry of water 
300 |a 167 p 
942 |c BK 
945 |d 20010125 00:00:00  |a cmena 
260 |a Sausalito  |b University Science Books  |c 1998 
650 0 |a Química del agua   |9 261152 
650 0 |a Agua  |9 257149 
650 0 |a Componentes químicos  |9 358043 
650 0 |a Calidad del agua   |9 261394 
650 0 |a Cromatografía   |9 263967 
650 0 |a Espectrofotometría  |9 360575 
583 |a last modification  |c 20010125 00:00:00  |k Rodrigo Vera 
490 0 |a Chemistry - Environmental Chemistry 
999 |c 293531  |d 293529 
952 |0 0  |1 0  |4 0  |6 546_220000000000000_KEG_1998  |7 0  |8 A  |9 345108  |a BIBCUR  |b BIBCUR  |d 2019-11-20  |i 3682528  |o 546.22 KEG 1998  |p 3682528  |r 2025-04-22  |w 2019-11-20  |y BK  |k QUI